Za orlí skálou

Hlavní autor: Pech, Josef, 1931-
Další autoři: Kraus, Ronald, 1927-1996, Korbař, Leopold, 1917-1990, Hořínek, Antonín, 1911-1998
Jazyk: Čeština
Vydáno: Praha : Panton, 1965
Fyzický popis: 1 sv. (nestránkován)
Hudebniny Hudebniny
Uloženo v:
LEADER 00946ncm a22002652a 4500
001 001254044
003 CZ BrMZK
005 20140303115828.0
007 qu
008 121003s1965 xr |||||||||||||||||cze d
040 |a BOA001  |b cze 
072 7 |a 784  |x Vokální hudba  |2 Konspekt  |9 9 
100 1 |a Pech, Josef,  |d 1931-  |7 mzk2010616689  |4 cmp 
245 1 0 |a Za orlí skálou  |h [hudebnina] /  |c Josef Pech. Cesta domů : kovbojská píseň / Leopold Korbař ; text: Tony Hořínek 
260 |a Praha :  |b Panton,  |c 1965 
300 |a 1 sv. (nestránkován) 
500 |a Značk. zpěv 
700 1 |a Kraus, Ronald,  |d 1927-1996  |7 xx0007380  |4 lyr 
700 1 |a Korbař, Leopold,  |d 1917-1990  |7 jz8600474  |4 cmp 
700 1 |a Hořínek, Antonín,  |d 1911-1998  |7 jk01042351  |4 lyr 
740 0 2 |a Cesta domů 
910 |a BOA001  |b Mus4-0568.733 
990 |a MU 
991 |b 201210 
996 6 |b 2619104867  |c Mus4-0568.733  |l MZK  |r Sklad / do 1 hodiny  |n 0  |w 001288138  |u 000010  |a 1  |e BOA001  |j MZK50  |s P